Biggest Cities I Visited (Gassu) - Statistics

General Stats
  • This quiz has been taken 84 times
    67 since last reset
  • The average score is 14 of 27
Answer Stats
Picture Hint Answer % Correct
No.3 - 11.3 m Paris
100%
No.1 - 17.7 m Los Angeles
98%
No.7 - 4.63 m Berlin
97%
No.2 - 14.6 m London
97%
No.4 - 7.80 m San Francisco
93%
No.6 - 4.70 m (favorite city #1) Barcelona
80%
No.8 - 3.60 m Rome
75%
No.5 - 5.15 m Milan
72%
No.12 - 2.25 m (favorite city #2) Munich
65%
No.17 - 1.65 m Copenhagen
62%
No.9 - 3.23 m Frankfurt am Main
57%
No.14 - 2.15 m Stockholm
57%
No.11 - 2.83 m Hamburg
55%
No.22 - 808 k Florence
52%
No.26 - 579 k Geneva
50%
No.13 - 2.20 m Las Vegas
45%
No.18 - 1.40 m Zürich
37%
No.10 - 3.10 m Birmingham
27%
No.16 - 1.86 m Liverpool
25%
No.15 - 1.98 m Lyon
25%
No.19 - 1.37 m Dublin
23%
No.21 - 874 k Edinburgh
23%
No.23 - 713 k Genoa
20%
No.20 - 1.23 m Zagreb
13%
No.27 - 555 k Sarajevo
7%
No.25 - 646 k Freiburg im Breisgau
3%
No.24 - 681 k Southampton
2%
No matching quizzes found
Score Distribution
Percent of People with Each Score
Percentile by Number Answered
Your Score History
You have not taken this quiz since the last reset